1647 1101 1814 1510 1834 1534 1509 1392 1558 1126 1549 1763 1491 1982 1429 1415 1754 1898 1762 1435 1638 1719 1690 1629 1897 1987 1268 1448 1784 1824 1160 1288 1754 1482 1594 1111 1887 1379 1941 1824 1762 1281 1559 1789 1159 1555 1852 1235 1029 1121 1635 1856 1062 1097 1241 1840 1731 1033 1851 1632 1436 1331 1029 1893 1283 1682 1246 1440 1772 1311 1459 1016 1271 1479 1873 1132 1297 1596 1028 1386 1502 1231 1606 1056 1209 1390 1517 1858 1457 1910 1447 1638 1505 1072 1722 1846 1527 1972 1749 BCNSPRNW ULIB Ver.6.0+V

เปลี่ยนเป็นภาษาไทย

Change to English
 แสดงรายละเอียดบรรณานุกรม
  กลับหน้าหลัก

Brief Record : Get Marc (ISO 2709) : E-mail record : QR code < ปิดหน้าต่าง
LEADER : 00000nam 2200000uu 4500
001    13399114473
003     ULIB
008    120404s2552||||th 000 0 tha d
020    ^a9786165000024
090    ^aนว.^bย236ส 2552
100 0  ^aยาใจ
245 00 ^aสื่อรักมัดหัวใจ/^cยาใจ
250    ^aพิมพ์ครั้งที่ 1
260    ^aกรุงเทพฯ :^bพิมพ์คำ,^c2552
300    ^a318 หน้า
710 1  ^aยาใจ
945    ^p220^l0^i17725
995    ^aกัณชพร
999    ^aใช้งานได้ทุกระบบ
รายการนี้ยังไม่มีแท็ก
คุณยังไม่ได้ล็อกอิน คุณสามารถมีกิจกรรมร่วมกับเว็บไซต์ได้ แต่ต้องล็อกอินก่อน ::
  ล็อกอิน

รายการสื่อสารสนเทศ

ลำดับที่ ประเภท เลขเรียก/บาร์โค้ด สถานที่ สถานะ
1. นวนิยาย
นวนิยาย
นว. ย236ส 2552  
  Barcode: 17725
ห้องสมุดวิทยาเขตสวรรค์ประชารักษ์
►นวนิยาย
บนชั้น
  ขอยืม

รายการใกล้เคียง
    ผู้แต่ง [ยาใจ]

BibComment


ยังไม่เคยถูกคอมเมนท์

คอมเมนท์ทรัพยากรรายการนี้
  คอมเมนท์: สื่อรักมัดหัวใจ ..


 Copyright 2026. Bcnsprnw @Library